Football Club Logos #2 - Statistics

General Stats
  • This quiz has been taken 81 times
  • The average score is 13 of 16
Answer Stats
Picture Answer % Correct
Paris Saint-Germain
96%
Chelsea
95%
Atlético Madrid
92%
Benfica
92%
West Ham United
92%
Inter Miami
88%
Bayer Leverkusen
84%
Fiorentina
84%
Lazio
84%
River Plate
84%
Club Brugge
81%
Rangers
79%
Villarreal
79%
São Paulo
59%
Club América
56%
CSKA Moscow
51%
No matching quizzes found
Score Distribution
Percent of People with Each Score
Percentile by Number Answered
Your Score History
You have not taken this quiz